[Event "45th FIDE Chess Olympiad Open"]
[Site "Budapest, Hungary"]
[Date "2024.09.20"]
[Round "9"]
[White "Ang, Ern Jie Anderson"]
[Black "Zaw Ye Htut"]
[Result "1-0"]
[Board "231"]
[WhiteFideId "5736200"]
[BlackFideId "13013955"]
[WhiteTitle "CM"]
[WhiteElo "2132"]
[BlackElo "1815"]
[WhiteTeam "Malaysia"]
[BlackTeam "Myanmar"]
[WhiteClock "0:55:08"]
[BlackClock "0:20:31"]
[Variant "Standard"]

1. Nf3 {[%clk 1:30:57]}  d5 {[%clk 1:30:53]} 2. g3 {[%clk 1:31:19]}  e6 {[%clk 1:31:17]} 3. Bg2 {[%clk 1:31:41]}  f5 {[%clk 1:31:38]} 4. O-O {[%clk 1:31:22]}  Nf6 {[%clk 1:32:03]} 5. c4 {[%clk 1:31:11]}  Be7 {[%clk 1:32:25]} 6. b3 {[%clk 1:30:52]}  O-O {[%clk 1:32:38]} 7. Bb2 {[%clk 1:31:10]}  c6 {[%clk 1:32:40]} 8. d3 {[%clk 1:31:02]}  Re8 {[%clk 1:31:06]} 9. Nbd2 {[%clk 1:30:07]}  a5 {[%clk 1:24:06]} 10. a3 {[%clk 1:28:31]}  Na6 {[%clk 1:15:01]} 11. Qc2 {[%clk 1:26:24]}  Qb6 {[%clk 1:13:01]} 12. Rab1 {[%clk 1:20:22]}  c5 {[%clk 1:06:57]} 13. cxd5 {[%clk 1:12:23]}  exd5 {[%clk 1:04:38]} 14. e4 {[%clk 1:12:00]}  fxe4 {[%clk 0:44:27]} 15. dxe4 {[%clk 1:11:30]}  Nxe4 {[%clk 0:43:12]} 16. Nxe4 {[%clk 1:04:08]}  dxe4 {[%clk 0:43:16]} 17. Ne5 {[%clk 1:03:44]}  Bf5 {[%clk 0:40:13]} 18. Bxe4 {[%clk 0:59:29]}  Bd6 {[%clk 0:34:16]} 19. Bd5+ {[%clk 0:55:04]}  Be6 {[%clk 0:32:48]} 20. Nc4 {[%clk 0:55:24]}  Qc7 {[%clk 0:29:20]} 21. Qf5 {[%clk 0:54:27]}  b5 {[%clk 0:20:12]} 22. Bxe6+ {[%clk 0:54:28]}  Kh8 {[%clk 0:20:34]} 23. Nxd6 {[%clk 0:54:49]}  Qxd6 {[%clk 0:20:31]} 24. Bxg7+ {[%clk 0:55:08]} 1-0

[Event "45th FIDE Chess Olympiad Open"]
[Site "Budapest, Hungary"]
[Date "2024.09.20"]
[Round "9"]
[White "Linn Phone Myat"]
[Black "Azhar, Muhd Syakir Shazmeer"]
[Result "1/2-1/2"]
[Board "232"]
[WhiteFideId "13023977"]
[BlackFideId "5702577"]
[WhiteElo "1763"]
[BlackElo "2086"]
[WhiteTeam "Myanmar"]
[BlackTeam "Malaysia"]
[WhiteClock "0:02:08"]
[BlackClock "0:02:11"]
[Variant "Standard"]

1. e4 {[%clk 1:30:56]}  e5 {[%clk 1:30:56]} 2. Nf3 {[%clk 1:31:18]}  Nc6 {[%clk 1:31:20]} 3. Bc4 {[%clk 1:31:40]}  Nf6 {[%clk 1:31:46]} 4. d3 {[%clk 1:32:00]}  Be7 {[%clk 1:32:08]} 5. O-O {[%clk 1:32:02]}  O-O {[%clk 1:32:36]} 6. c3 {[%clk 1:31:52]}  d6 {[%clk 1:33:01]} 7. Re1 {[%clk 1:31:30]}  Na5 {[%clk 1:32:00]} 8. Bb5 {[%clk 1:28:06]}  a6 {[%clk 1:32:21]} 9. Ba4 {[%clk 1:27:57]}  b5 {[%clk 1:32:45]} 10. Bc2 {[%clk 1:28:22]}  c5 {[%clk 1:32:59]} 11. Nbd2 {[%clk 1:27:11]}  Re8 {[%clk 1:30:19]} 12. Nf1 {[%clk 1:24:45]}  h6 {[%clk 1:28:19]} 13. Ng3 {[%clk 1:22:55]}  Bf8 {[%clk 1:28:05]} 14. h3 {[%clk 1:19:42]}  Nc6 {[%clk 1:24:51]} 15. d4 {[%clk 1:09:55]}  Qc7 {[%clk 1:09:52]} 16. Be3 {[%clk 0:55:50]}  g6 {[%clk 0:59:06]} 17. Qd2 {[%clk 0:47:02]}  h5 {[%clk 0:59:20]} 18. Rad1 {[%clk 0:44:21]}  Bb7 {[%clk 0:56:40]} 19. Bh6 {[%clk 0:35:36]}  Nh7 {[%clk 0:44:43]} 20. Bxf8 {[%clk 0:26:40]}  Rxf8 {[%clk 0:44:51]} 21. Qh6 {[%clk 0:25:31]}  Qe7 {[%clk 0:42:11]} 22. dxc5 {[%clk 0:17:38]}  dxc5 {[%clk 0:39:45]} 23. Rd5 {[%clk 0:17:20]}  Rad8 {[%clk 0:29:18]} 24. Nf1 {[%clk 0:15:29]}  Bc8 {[%clk 0:24:40]} 25. Qe3 {[%clk 0:13:20]}  c4 {[%clk 0:17:41]} 26. Qb6 {[%clk 0:11:27]}  Qb7 {[%clk 0:13:19]} 27. Qc5 {[%clk 0:11:22]}  Nf6 {[%clk 0:10:58]} 28. Rxd8 {[%clk 0:10:44]}  Rxd8 {[%clk 0:11:22]} 29. Nxe5 {[%clk 0:09:54]}  Nxe5 {[%clk 0:11:19]} 30. Qxe5 {[%clk 0:10:20]}  Qc6 {[%clk 0:11:04]} 31. Qf4 {[%clk 0:07:39]}  Bb7 {[%clk 0:10:35]} 32. Ng3 {[%clk 0:06:55]}  Qe6 {[%clk 0:06:15]} 33. Ne2 {[%clk 0:06:10]}  Re8 {[%clk 0:05:24]} 34. Nd4 {[%clk 0:06:25]}  Qe7 {[%clk 0:04:37]} 35. Qh4 {[%clk 0:03:15]}  Nd7 {[%clk 0:01:51]} 36. Qxe7 {[%clk 0:02:56]}  Rxe7 {[%clk 0:02:20]} 37. Rd1 {[%clk 0:02:17]}  Kg7 {[%clk 0:02:32]} 38. f3 {[%clk 0:02:24]}  Nc5 {[%clk 0:02:17]} 39. Kf2 {[%clk 0:02:05]}  h4 {[%clk 0:01:13]} 40. Ne2 {[%clk 0:01:34]}  Rd7 {[%clk 0:01:14]} 41. Rxd7 {[%clk 0:01:39]}  Nxd7 {[%clk 0:01:43]} 42. a4 {[%clk 0:28:29]}  bxa4 {[%clk 0:30:43]} 43. Bxa4 {[%clk 0:28:53]}  Nc5 {[%clk 0:31:10]} 44. Bc2 {[%clk 0:29:09]}  Bc6 {[%clk 0:31:35]} 45. Ke3 {[%clk 0:24:46]}  Ba4 {[%clk 0:26:57]} 46. Nd4 {[%clk 0:20:45]}  Kf6 {[%clk 0:23:37]} 47. f4 {[%clk 0:17:18]}  Bxc2 {[%clk 0:18:57]} 48. Nxc2 {[%clk 0:17:44]}  Na4 {[%clk 0:19:13]} 49. Kd4 {[%clk 0:16:09]}  Nxb2 {[%clk 0:19:34]} 50. Ne3 {[%clk 0:16:25]}  Ke6 {[%clk 0:14:32]} 51. Nxc4 {[%clk 0:14:54]}  Nxc4 {[%clk 0:09:43]} 52. Kxc4 {[%clk 0:15:23]}  Kd6 {[%clk 0:10:03]} 53. Kb4 {[%clk 0:15:10]}  Kc6 {[%clk 0:10:30]} 54. Ka5 {[%clk 0:15:33]}  Kb7 {[%clk 0:10:42]} 55. c4 {[%clk 0:15:56]}  Kc6 {[%clk 0:09:50]} 56. f5 {[%clk 0:01:14]}  gxf5 {[%clk 0:10:10]} 57. exf5 {[%clk 0:01:42]}  Kc5 {[%clk 0:10:32]} 58. Kxa6 {[%clk 0:01:58]}  Kxc4 {[%clk 0:10:58]} 59. Kb6 {[%clk 0:00:41]}  Kd5 {[%clk 0:11:14]} 60. f6 {[%clk 0:00:38]}  Ke5 {[%clk 0:03:53]} 61. Kc5 {[%clk 0:00:52]}  Kf4 {[%clk 0:01:38]} 62. Kd6 {[%clk 0:01:04]}  Kf5 {[%clk 0:01:58]} 63. Kd5 {[%clk 0:01:20]}  Kf4 {[%clk 0:01:58]} 64. Kd6 {[%clk 0:01:43]}  Kf5 {[%clk 0:01:24]} 65. Kd5 {[%clk 0:02:07]}  Kxf6 {[%clk 0:01:39]} 66. Ke4 {[%clk 0:02:30]}  Kg5 {[%clk 0:01:59]} 67. Ke3 {[%clk 0:02:31]}  Kf5 {[%clk 0:01:37]} 68. Kf3 {[%clk 0:02:56]}  f6 {[%clk 0:01:57]} 69. Ke3 {[%clk 0:02:08]}  Ke5 {[%clk 0:02:11]} 1/2-1/2

[Event "45th FIDE Chess Olympiad Open"]
[Site "Budapest, Hungary"]
[Date "2024.09.20"]
[Round "9"]
[White "Wu, Li"]
[Black "Al-Ali, Hussein Ali Hussein"]
[Result "1-0"]
[Board "233"]
[WhiteFideId "411086"]
[BlackFideId "4800192"]
[WhiteTitle "FM"]
[BlackTitle "IM"]
[WhiteElo "2325"]
[BlackElo "2122"]
[WhiteTeam "Isle of Man"]
[BlackTeam "Iraq"]
[WhiteClock "0:33:44"]
[BlackClock "0:42:17"]
[Variant "Standard"]

1. Nf3 {[%clk 1:30:54]}  Nf6 {[%clk 1:30:20]} 2. c4 {[%clk 1:31:09]}  g6 {[%clk 1:30:38]} 3. Nc3 {[%clk 1:30:57]}  Bg7 {[%clk 1:30:59]} 4. e4 {[%clk 1:31:02]}  d6 {[%clk 1:29:36]} 5. d4 {[%clk 1:31:24]}  O-O {[%clk 1:29:58]} 6. Bd3 {[%clk 1:29:14]}  Bg4 {[%clk 1:27:36]} 7. Be2 {[%clk 1:28:49]}  Bxf3 {[%clk 1:27:22]} 8. Bxf3 {[%clk 1:29:14]}  e5 {[%clk 1:27:19]} 9. d5 {[%clk 1:29:20]}  Nbd7 {[%clk 1:27:02]} 10. g4 {[%clk 1:27:40]}  Nb6 {[%clk 1:26:45]} 11. Qe2 {[%clk 1:25:40]}  c6 {[%clk 1:27:07]} 12. g5 {[%clk 1:23:04]}  Nfd7 {[%clk 1:26:55]} 13. Bg4 {[%clk 1:23:20]}  cxd5 {[%clk 1:20:56]} 14. cxd5 {[%clk 1:23:26]}  Qe7 {[%clk 1:17:38]} 15. h4 {[%clk 1:12:23]}  Rfc8 {[%clk 1:11:13]} 16. h5 {[%clk 1:11:01]}  Rc7 {[%clk 1:10:10]} 17. Nb5 {[%clk 0:57:46]}  Rc4 {[%clk 1:05:29]} 18. b3 {[%clk 0:57:29]}  Rc5 {[%clk 1:05:17]} 19. Ba3 {[%clk 0:46:17]}  a6 {[%clk 1:03:44]} 20. Bxd7 {[%clk 0:44:53]}  Nxd7 {[%clk 1:03:55]} 21. Bxc5 {[%clk 0:45:18]}  Nxc5 {[%clk 1:04:14]} 22. Nc3 {[%clk 0:45:38]}  Qxg5 {[%clk 1:03:39]} 23. Qe3 {[%clk 0:43:10]}  Qxe3+ {[%clk 1:01:33]} 24. fxe3 {[%clk 0:43:36]}  b5 {[%clk 1:01:37]} 25. b4 {[%clk 0:43:53]}  Nd3+ {[%clk 0:58:24]} 26. Kd2 {[%clk 0:42:35]}  Nb2 {[%clk 0:58:41]} 27. a4 {[%clk 0:42:40]}  Rb8 {[%clk 0:56:09]} 28. axb5 {[%clk 0:42:55]}  axb5 {[%clk 0:56:35]} 29. Ra2 {[%clk 0:41:28]}  Nc4+ {[%clk 0:56:13]} 30. Kd3 {[%clk 0:41:55]}  Bf8 {[%clk 0:46:45]} 31. Nxb5 {[%clk 0:34:41]}  Nb6 {[%clk 0:46:54]} 32. Na7 {[%clk 0:33:41]}  f5 {[%clk 0:46:20]} 33. Nc6 {[%clk 0:34:04]}  Re8 {[%clk 0:45:50]} 34. hxg6 {[%clk 0:33:37]}  hxg6 {[%clk 0:45:39]} 35. Ra7 {[%clk 0:33:30]}  Nc8 {[%clk 0:43:53]} 36. Rc7 {[%clk 0:33:05]}  fxe4+ {[%clk 0:42:29]} 37. Kxe4 {[%clk 0:33:31]}  Ne7 {[%clk 0:42:17]} 38. b5 {[%clk 0:33:44]} 1-0

[Event "45th FIDE Chess Olympiad Open"]
[Site "Budapest, Hungary"]
[Date "2024.09.20"]
[Round "9"]
[White "Zozek Salah Mohammed"]
[Black "Fabri, Henrik"]
[Result "1-0"]
[Board "234"]
[WhiteFideId "4803361"]
[BlackFideId "403270"]
[WhiteTitle "FM"]
[WhiteElo "2180"]
[BlackElo "1936"]
[WhiteTeam "Iraq"]
[BlackTeam "Isle of Man"]
[WhiteClock "0:18:13"]
[BlackClock "0:01:35"]
[Variant "Standard"]

1. Nf3 {[%clk 1:30:41]}  Nf6 {[%clk 1:30:21]} 2. g3 {[%clk 1:31:01]}  b6 {[%clk 1:30:14]} 3. Bg2 {[%clk 1:31:28]}  Bb7 {[%clk 1:30:36]} 4. O-O {[%clk 1:31:50]}  e6 {[%clk 1:30:55]} 5. c4 {[%clk 1:31:04]}  Be7 {[%clk 1:29:12]} 6. Nc3 {[%clk 1:27:09]}  O-O {[%clk 1:28:13]} 7. Qc2 {[%clk 1:25:41]}  c5 {[%clk 1:26:58]} 8. b3 {[%clk 1:19:56]}  d5 {[%clk 1:17:26]} 9. cxd5 {[%clk 1:18:04]}  exd5 {[%clk 1:16:00]} 10. d4 {[%clk 1:14:27]}  Nc6 {[%clk 1:11:10]} 11. Rd1 {[%clk 1:14:20]}  Rc8 {[%clk 0:51:14]} 12. Bh3 {[%clk 1:07:15]}  Ra8 {[%clk 0:51:05]} 13. Bb2 {[%clk 1:04:19]}  Bc8 {[%clk 0:48:36]} 14. Bg2 {[%clk 1:02:06]}  g6 {[%clk 0:48:47]} 15. Rac1 {[%clk 0:45:50]}  Bf5 {[%clk 0:48:53]} 16. Qd2 {[%clk 0:46:00]}  Ne4 {[%clk 0:44:17]} 17. Qh6 {[%clk 0:40:21]}  Bf6 {[%clk 0:14:47]} 18. dxc5 {[%clk 0:29:38]}  d4 {[%clk 0:02:00]} 19. Nxe4 {[%clk 0:22:36]}  Bxe4 {[%clk 0:01:49]} 20. Nxd4 {[%clk 0:18:23]}  Bg5 {[%clk 0:01:35]} 21. Nf5 {[%clk 0:18:13]} 1-0

[Event "45th FIDE Chess Olympiad Open"]
[Site "Budapest, Hungary"]
[Date "2024.09.20"]
[Round "9"]
[White "Ormsby, Alan"]
[Black "Salih, Akar Ali Salih"]
[Result "0-1"]
[Board "235"]
[WhiteFideId "403407"]
[BlackFideId "4800575"]
[BlackTitle "FM"]
[WhiteElo "1914"]
[BlackElo "2174"]
[WhiteTeam "Isle of Man"]
[BlackTeam "Iraq"]
[WhiteClock "0:05:38"]
[BlackClock "0:17:55"]
[Variant "Standard"]

1. d4 {[%clk 1:30:43]}  g6 {[%clk 1:30:44]} 2. e4 {[%clk 1:30:14]}  Bg7 {[%clk 1:31:04]} 3. Nc3 {[%clk 1:30:12]}  d6 {[%clk 1:31:25]} 4. Be3 {[%clk 1:30:19]}  a6 {[%clk 1:31:23]} 5. Qd2 {[%clk 1:30:06]}  b5 {[%clk 1:31:27]} 6. f3 {[%clk 1:29:56]}  Nd7 {[%clk 1:30:35]} 7. h4 {[%clk 1:27:33]}  h5 {[%clk 1:29:30]} 8. O-O-O {[%clk 1:22:32]}  Bb7 {[%clk 1:16:40]} 9. Kb1 {[%clk 1:19:04]}  Rc8 {[%clk 1:13:26]} 10. Nh3 {[%clk 1:16:29]}  Ngf6 {[%clk 0:59:08]} 11. Ng5 {[%clk 1:13:57]}  O-O {[%clk 0:57:10]} 12. g3 {[%clk 1:11:17]}  b4 {[%clk 0:48:42]} 13. Ne2 {[%clk 1:08:49]}  Rb8 {[%clk 0:44:28]} 14. Bh3 {[%clk 1:08:41]}  c5 {[%clk 0:41:59]} 15. Nf4 {[%clk 1:01:20]}  cxd4 {[%clk 0:39:58]} 16. Bf2 {[%clk 0:32:54]}  e5 {[%clk 0:35:44]} 17. Nxg6 {[%clk 0:20:34]}  fxg6 {[%clk 0:34:17]} 18. Be6+ {[%clk 0:20:43]}  Kh8 {[%clk 0:34:41]} 19. Nf7+ {[%clk 0:20:58]}  Rxf7 {[%clk 0:34:35]} 20. Bxf7 {[%clk 0:21:18]}  Kh7 {[%clk 0:31:53]} 21. g4 {[%clk 0:17:38]}  Qe7 {[%clk 0:26:33]} 22. Bb3 {[%clk 0:16:04]}  Nc5 {[%clk 0:24:15]} 23. gxh5 {[%clk 0:15:21]}  Nxh5 {[%clk 0:24:18]} 24. Rhg1 {[%clk 0:14:01]}  Rf8 {[%clk 0:21:47]} 25. Bd5 {[%clk 0:06:57]}  Bxd5 {[%clk 0:19:31]} 26. exd5 {[%clk 0:07:24]}  Rxf3 {[%clk 0:18:22]} 27. Qe2 {[%clk 0:06:41]}  Qf6 {[%clk 0:18:35]} 28. Rdf1 {[%clk 0:05:38]}  e4 {[%clk 0:17:55]} 0-1

[Event "45th FIDE Chess Olympiad Open"]
[Site "Budapest, Hungary"]
[Date "2024.09.20"]
[Round "9"]
[White "Alothman ,Ali Layth Ahmed"]
[Black "Gumireddy, Sanjay"]
[Result "1-0"]
[Board "236"]
[WhiteFideId "4801920"]
[BlackFideId "448885"]
[WhiteTitle "FM"]
[WhiteElo "2161"]
[BlackElo "1907"]
[WhiteTeam "Iraq"]
[BlackTeam "Isle of Man"]
[WhiteClock "0:32:00"]
[BlackClock "0:19:18"]
[Variant "Standard"]

1. Nf3 {[%clk 1:30:57]}  f5 {[%clk 1:30:14]} 2. d4 {[%clk 1:29:24]}  Nf6 {[%clk 1:30:32]} 3. g3 {[%clk 1:29:23]}  e6 {[%clk 1:30:47]} 4. Bg2 {[%clk 1:29:45]}  Be7 {[%clk 1:30:45]} 5. O-O {[%clk 1:30:04]}  d6 {[%clk 1:30:12]} 6. c4 {[%clk 1:28:34]}  O-O {[%clk 1:30:34]} 7. Nc3 {[%clk 1:28:07]}  Qe8 {[%clk 1:30:44]} 8. Qc2 {[%clk 1:23:46]}  Qh5 {[%clk 1:31:04]} 9. e4 {[%clk 1:20:29]}  e5 {[%clk 1:29:32]} 10. dxe5 {[%clk 1:16:21]}  dxe5 {[%clk 1:29:08]} 11. Nd5 {[%clk 1:09:18]}  Nxd5 {[%clk 1:28:42]} 12. cxd5 {[%clk 1:05:55]}  Bd6 {[%clk 1:29:03]} 13. Qc3 {[%clk 0:53:35]}  fxe4 {[%clk 1:26:03]} 14. Ng5 {[%clk 0:53:52]}  Bf5 {[%clk 1:24:54]} 15. Nxe4 {[%clk 0:51:02]}  Na6 {[%clk 1:21:44]} 16. Be3 {[%clk 0:50:26]}  Qg6 {[%clk 1:19:33]} 17. Qc4 {[%clk 0:39:43]}  Rfb8 {[%clk 1:00:25]} 18. a4 {[%clk 0:37:27]}  Rc8 {[%clk 0:53:59]} 19. Rfd1 {[%clk 0:32:20]}  h6 {[%clk 0:51:28]} 20. h3 {[%clk 0:30:29]}  Kh8 {[%clk 0:49:38]} 21. g4 {[%clk 0:29:53]}  Bd7 {[%clk 0:48:28]} 22. Ng3 {[%clk 0:28:27]}  Nb4 {[%clk 0:46:51]} 23. Be4 {[%clk 0:28:27]}  Qf6 {[%clk 0:44:30]} 24. Nf5 {[%clk 0:22:10]}  a5 {[%clk 0:44:02]} 25. Kg2 {[%clk 0:22:02]}  Rab8 {[%clk 0:36:43]} 26. Qe2 {[%clk 0:21:19]}  Be8 {[%clk 0:34:38]} 27. h4 {[%clk 0:21:11]}  Qf8 {[%clk 0:33:24]} 28. h5 {[%clk 0:19:50]}  Qf7 {[%clk 0:28:08]} 29. Qd2 {[%clk 0:19:20]}  Bf8 {[%clk 0:25:36]} 30. Nh4 {[%clk 0:19:18]}  Qe7 {[%clk 0:20:09]} 31. Nf5 {[%clk 0:16:43]}  Qf7 {[%clk 0:19:22]} 32. Qc3 {[%clk 0:15:10]}  Bd6 {[%clk 0:17:40]} 33. b3 {[%clk 0:14:38]}  Bd7 {[%clk 0:17:31]} 34. Qd2 {[%clk 0:13:54]}  Bf8 {[%clk 0:16:58]} 35. Rac1 {[%clk 0:14:02]}  Bxf5 {[%clk 0:13:22]} 36. Bxf5 {[%clk 0:14:24]}  Rd8 {[%clk 0:13:39]} 37. Be6 {[%clk 0:14:10]}  Qe8 {[%clk 0:13:03]} 38. Rxc7 {[%clk 0:13:20]}  Na6 {[%clk 0:11:49]} 39. Rc4 {[%clk 0:10:55]}  Bb4 {[%clk 0:11:00]} 40. Qe2 {[%clk 0:11:03]}  Qe7 {[%clk 0:10:18]} 41. Bb6 {[%clk 0:05:46]}  Rf8 {[%clk 0:10:02]} 42. Qxe5 {[%clk 0:01:11]}  Bd6 {[%clk 0:00:53]} 43. Qe3 {[%clk 0:01:16]}  Qh4 {[%clk 0:22:01]} 44. Rh1 {[%clk 0:31:30]}  Qf6 {[%clk 0:22:20]} 45. Bd4 {[%clk 0:31:42]}  Qe7 {[%clk 0:19:18]} 46. Qxh6# {[%clk 0:32:00]} 1-0

[Event "45th FIDE Chess Olympiad Open"]
[Site "Budapest, Hungary"]
[Date "2024.09.20"]
[Round "9"]
[White "Mesfin, Leykun"]
[Black "Alrehaili, Ahmed Abdullah S"]
[Result "0-1"]
[Board "237"]
[WhiteFideId "15700097"]
[BlackFideId "21518840"]
[WhiteTitle "FM"]
[BlackTitle "FM"]
[WhiteElo "2118"]
[BlackElo "2117"]
[WhiteTeam "Ethiopia"]
[BlackTeam "Saudi Arabia"]
[WhiteClock "0:29:19"]
[BlackClock "0:21:38"]
[Variant "Standard"]

1. e4 {[%clk 1:30:42]}  e5 {[%clk 1:30:30]} 2. Nf3 {[%clk 1:30:12]}  Nc6 {[%clk 1:30:29]} 3. Bb5 {[%clk 1:29:02]}  a6 {[%clk 1:28:17]} 4. Ba4 {[%clk 1:29:21]}  Nf6 {[%clk 1:28:15]} 5. d3 {[%clk 1:29:31]}  d6 {[%clk 1:28:05]} 6. c3 {[%clk 1:29:53]}  g6 {[%clk 1:27:35]} 7. O-O {[%clk 1:28:03]}  Bg7 {[%clk 1:27:34]} 8. Re1 {[%clk 1:27:26]}  O-O {[%clk 1:27:14]} 9. Nbd2 {[%clk 1:27:26]}  Bd7 {[%clk 1:27:15]} 10. Nf1 {[%clk 1:27:37]}  Qe8 {[%clk 1:26:11]} 11. Bc2 {[%clk 1:24:57]}  Nh5 {[%clk 1:24:18]} 12. d4 {[%clk 1:20:32]}  Bg4 {[%clk 1:07:25]} 13. d5 {[%clk 1:17:48]}  Ne7 {[%clk 1:04:11]} 14. h3 {[%clk 1:17:45]}  Bd7 {[%clk 1:02:51]} 15. N1h2 {[%clk 1:00:01]}  f5 {[%clk 0:57:28]} 16. exf5 {[%clk 0:59:24]}  gxf5 {[%clk 0:57:02]} 17. Ng5 {[%clk 0:59:18]}  Nf6 {[%clk 0:31:22]} 18. c4 {[%clk 0:55:52]}  Kh8 {[%clk 0:29:43]} 19. Kh1 {[%clk 0:53:40]}  Rg8 {[%clk 0:22:57]} 20. f4 {[%clk 0:46:13]}  e4 {[%clk 0:19:17]} 21. Be3 {[%clk 0:45:18]}  h6 {[%clk 0:18:00]} 22. Ne6 {[%clk 0:45:02]}  Bxe6 {[%clk 0:18:24]} 23. dxe6 {[%clk 0:45:29]}  Qc8 {[%clk 0:15:01]} 24. g4 {[%clk 0:42:40]}  Qxe6 {[%clk 0:14:55]} 25. Bb3 {[%clk 0:39:40]}  Kh7 {[%clk 0:09:19]} 26. g5 {[%clk 0:39:31]}  Nd7 {[%clk 0:09:13]} 27. Qh5 {[%clk 0:33:58]}  Qg6 {[%clk 0:06:16]} 28. Qh4 {[%clk 0:33:22]}  Nc5 {[%clk 0:05:09]} 29. Bd1 {[%clk 0:28:45]}  Qe6 {[%clk 0:05:15]} 30. Bh5 {[%clk 0:26:40]}  hxg5 {[%clk 0:02:48]} 31. fxg5 {[%clk 0:25:29]}  Ng6 {[%clk 0:03:15]} 32. Qg3 {[%clk 0:22:46]}  Nd3 {[%clk 0:02:40]} 33. Rf1 {[%clk 0:18:39]}  Bxb2 {[%clk 0:02:08]} 34. Rad1 {[%clk 0:17:49]}  Be5 {[%clk 0:02:35]} 35. Qg2 {[%clk 0:16:48]}  Raf8 {[%clk 0:01:27]} 36. h4 {[%clk 0:15:30]}  Ngf4 {[%clk 0:01:06]} 37. Rxf4 {[%clk 0:11:27]}  Nxf4 {[%clk 0:01:34]} 38. Bxf4 {[%clk 0:10:27]}  Bxf4 {[%clk 0:02:03]} 39. Be2 {[%clk 0:10:55]}  Bxh2 {[%clk 0:01:32]} 40. Kxh2 {[%clk 0:11:13]}  f4 {[%clk 0:01:00]} 41. Bg4 {[%clk 0:11:02]}  Qxc4 {[%clk 0:00:32]} 42. Rg1 {[%clk 0:09:58]}  f3 {[%clk 0:26:49]} 43. Qh3 {[%clk 0:39:38]}  e3 {[%clk 0:22:12]} 44. Bf5+ {[%clk 0:39:16]}  Kh8 {[%clk 0:22:08]} 45. Be6 {[%clk 0:32:50]}  Qf4+ {[%clk 0:21:42]} 46. Rg3 {[%clk 0:29:19]}  e2 {[%clk 0:21:38]} 0-1

[Event "45th FIDE Chess Olympiad Open"]
[Site "Budapest, Hungary"]
[Date "2024.09.20"]
[Round "9"]
[White "Al Thebaiti, Ahmed M"]
[Black "Tsige, Addisalem Temesgen"]
[Result "1-0"]
[Board "238"]
[WhiteFideId "21502390"]
[BlackFideId "15700160"]
[WhiteTitle "CM"]
[WhiteElo "1993"]
[BlackElo "2068"]
[WhiteTeam "Saudi Arabia"]
[BlackTeam "Ethiopia"]
[WhiteClock "0:12:28"]
[BlackClock "0:22:48"]
[Variant "Standard"]

1. d4 {[%clk 1:30:54]}  Nf6 {[%clk 1:30:38]} 2. Bf4 {[%clk 1:31:02]}  d5 {[%clk 1:30:02]} 3. e3 {[%clk 1:31:17]}  c5 {[%clk 1:30:00]} 4. Nf3 {[%clk 1:31:27]}  Nc6 {[%clk 1:30:14]} 5. Nbd2 {[%clk 1:31:43]}  Qb6 {[%clk 1:29:52]} 6. dxc5 {[%clk 1:31:51]}  Qxb2 {[%clk 1:28:28]} 7. Rb1 {[%clk 1:32:05]}  Qxa2 {[%clk 1:27:54]} 8. Bb5 {[%clk 1:31:24]}  Bf5 {[%clk 1:26:31]} 9. Nd4 {[%clk 1:09:19]}  Bd7 {[%clk 1:26:43]} 10. O-O {[%clk 0:58:22]}  Qa5 {[%clk 1:26:39]} 11. c4 {[%clk 0:44:49]}  e6 {[%clk 1:26:21]} 12. cxd5 {[%clk 0:39:32]}  exd5 {[%clk 1:25:57]} 13. Be2 {[%clk 0:37:39]}  Nxd4 {[%clk 1:10:15]} 14. exd4 {[%clk 0:37:52]}  Bc6 {[%clk 1:10:37]} 15. Re1 {[%clk 0:37:09]}  Be7 {[%clk 1:10:32]} 16. Bd3 {[%clk 0:36:33]}  Kf8 {[%clk 1:10:53]} 17. Re3 {[%clk 0:28:23]}  Ng8 {[%clk 1:03:17]} 18. Nf3 {[%clk 0:26:53]}  f6 {[%clk 1:02:56]} 19. h4 {[%clk 0:26:41]}  g6 {[%clk 1:02:29]} 20. Qe2 {[%clk 0:25:01]}  Re8 {[%clk 1:02:39]} 21. Re1 {[%clk 0:25:08]}  Qd8 {[%clk 0:59:49]} 22. Bb5 {[%clk 0:20:31]}  h6 {[%clk 0:54:59]} 23. Bxc6 {[%clk 0:19:41]}  bxc6 {[%clk 0:54:59]} 24. Qc2 {[%clk 0:19:40]}  Kf7 {[%clk 0:47:28]} 25. h5 {[%clk 0:19:10]}  g5 {[%clk 0:42:31]} 26. Qg6+ {[%clk 0:19:25]}  Kf8 {[%clk 0:42:55]} 27. Bd6 {[%clk 0:19:18]}  a5 {[%clk 0:26:32]} 28. Nh2 {[%clk 0:19:10]}  Qd7 {[%clk 0:26:12]} 29. Nf1 {[%clk 0:18:29]}  a4 {[%clk 0:24:43]} 30. Ng3 {[%clk 0:18:50]}  Ra8 {[%clk 0:23:57]} 31. Nf5 {[%clk 0:11:37]}  Qxf5 {[%clk 0:22:15]} 32. Qxf5 {[%clk 0:11:52]}  a3 {[%clk 0:22:38]} 33. Bxe7+ {[%clk 0:12:06]}  Nxe7 {[%clk 0:22:48]} 34. Rxe7 {[%clk 0:12:28]} 1-0